Biggest City Per Interstate - Statistics

General Stats
  • This quiz has been taken 85 times
  • The average score is 47 of 64
Answer Stats
Hint Answer % Correct
I-55 Chicago
99%
I-57 Chicago
99%
I-90 Chicago
99%
I-94 Chicago
99%
I-20 Dallas
97%
I-30 Dallas
97%
I-35 Dallas
97%
I-45 Houston
97%
I-69 Houston
97%
I-5 Los Angeles
97%
I-10 Los Angeles
97%
I-78 New York
97%
I-87 New York
97%
I-95 New York
97%
I-17 Phoenix
96%
I-25 Denver
94%
I-8 San Diego
94%
I-15 San Diego
94%
I-75 Detroit
91%
I-96 Detroit
91%
I-24 Nashville
91%
I-40 Nashville
91%
I-76 Philadelphia
90%
I-4 Tampa
88%
I-65 Indianapolis
87%
I-74 Indianapolis
87%
I-29 Kansas City
87%
I-49 Kansas City
87%
I-66 Washington D.C.
87%
I-26 Charlotte
85%
I-77 Charlotte
85%
I-85 Charlotte
85%
I-83 Baltimore
84%
I-93 Boston
84%
I-80 San Francisco
82%
I-70 Columbus
81%
I-71 Columbus
81%
I-44 Oklahoma City
78%
I-41 Milwaukee
71%
I-43 Milwaukee
71%
I-64 Louisville
69%
I-22 Birmingham
63%
I-59 Birmingham
63%
I-39 Madison
63%
I-19 Tucson
63%
I-79 Charleston
59%
I-84 Hartford
51%
I-72 Springfield
50%
I-91 Springfield
50%
I-12 Baton Rouge
47%
I-27 Lubbock
44%
I-2 McAllen
44%
I-81 Syracuse
44%
I-11 Henderson
43%
I-16 Macon
41%
I-73 Greensboro
40%
I-99 Altoona
34%
I-68 Morgantown
32%
I-89 Concord
29%
I-14 Killeen
29%
I-82 Yakima
25%
I-88 Aurora
22%
I-97 Glen Burnie
22%
I-86 Pocatello
18%
No matching quizzes found
Score Distribution
Percent of People with Each Score
Percentile by Number Answered
Your Score History
You have not taken this quiz